Normal view
MARC view
Entry Nombre personal
001 - NÚMERO DE CONTROL
- campo de control: 99398
003 - IDENTIFICADOR DEL NÚMERO DE CONTROL
- campo de control: CHAP
005 - FECHA Y HORA DE LA ÚLTIMA TRANSACCIÓN
- campo de control: 20260225114225.0
008 - DATOS DE LONGITUD FIJA
- campo de control de longitud fija: 971020|| aznnnabb| un and |u
040 ## - FUENTE DE LA CATALOGACIÓN
- Centro catalogador/agencia de origen: OSt
- Centro/agencia transcriptor: OSt
100 10 - ENCABEZAMIENTO-NOMBRE DE PERSONA
- Nombre de persona: Rojo Burgos, Rafael
